COMPUTER NETWORKS AND INTERNET WITH INTERNET APPLICATIONS (Record no. 8954)

MARC details
000 -LEADER
fixed length control field 00579nam a22001697a 4500
003 - CONTROL NUMBER IDENTIFIER
control field SGT
020 ## - INTERNATIONAL STANDARD BOOK NUMBER
International Standard Book Number 9788177589276
082 ## - DEWEY DECIMAL CLASSIFICATION NUMBER
Classification number 004.6,COM
100 ## - MAIN ENTRY--PERSONAL NAME
Personal name COMER E. DOUGLAS
245 ## - TITLE STATEMENT
Title COMPUTER NETWORKS AND INTERNET WITH INTERNET APPLICATIONS
250 ## - EDITION STATEMENT
Edition statement 4TH
260 ## - PUBLICATION, DISTRIBUTION, ETC. (IMPRINT)
Place of publication, distribution, etc NEW DELHI
Name of publisher, distributor, etc PEARSON
Year of Publication 2008
300 ## - PAGE DESCRIPTION
No. of Pages 589
650 ## - SUBJECT ADDED ENTRY--TOPICAL TERM
Topical term or geographic name as entry element COMPUTER SCIENCE
653 ## - KEYWORDS--INDEX TERM
Keyword term USING AND BUILDING INTERNET APPLICATIONS, MOTIVATION AND TOOLS, NETWORK PROGRAMMING AND APPLICATIONS, DATA TRANSMISSION, PACKET TRANSMISSION, INTERNETWORKING, NETWORK APPLICATIONS
942 ## - ADDED ENTRY ELEMENTS (KOHA)
Source of classification or shelving scheme Dewey Decimal Classification
Koha item type FCM Books
942 ## - ADDED ENTRY ELEMENTS (KOHA)
-- 1
Holdings
Withdrawn status Lost status Source of classification or shelving scheme Damaged status Not for loan Home library Current library Shelving location Date acquired Vendor Name Cost, normal purchase price SGTU Bill Number Total Checkouts Full call number Accession No. (Barcode) Date last seen Date last borrowed Bill Date Koha item type
    Dewey Decimal Classification     SGT Science & Social Sciences Library SGT Science & Social Sciences Library Text Book 04/06/2016 IBH 599.00 SGTU 8777 10 004.6,COM CM18 02/12/2022 25/11/2022 22/08/2013 FCM Books
    Dewey Decimal Classification     SGT Science & Social Sciences Library SGT Science & Social Sciences Library Text Book 04/06/2016 IBH 599.00 SGTU 8777 18 004.6,COM CM19 08/12/2018 01/12/2018 22/08/2013 FCM Books